Ekumena Košice 1995-2000

Saved in:
Bibliographic Details
Format: Book
Language:Slovak
Published: 2001
Subjects:
Tags: Add Tag
No Tags, Be the first to tag this record!

MARC

LEADER 00000nam$a2200000$$$4500
001 0048093
005 20230718082321.5
020 |a 80-968519-3-4 
041 0 |a slo 
245 1 0 |a Ekumena Košice 1995-2000 
264 1 |c 2001 
300 |a 117 s. 
610 2 0 |a náboženstvo 
610 2 0 |a cirkev